[Event "4th London Classic Open"]
[Site "London ENG"]
[Date "2012.12.02"]
[Round "2"]
[White "Ledger,D"]
[Black "Wheldon,P"]
[Result "1-0"]
[WhiteTitle "FM"]
[WhiteElo "2266"]
[BlackElo "2103"]
[WhiteFideId "401986"]
[BlackFideId "407402"]
[EventDate "2012.12.01"]

1. e4 c5 2. Nf3 d6 3. d4 cxd4 4. Nxd4 Nf6 5. Nc3 Nc6 6. Bg5 e6 7. Qd2 a6 8.
O-O-O Bd7 9. f3 Rc8 10. Kb1 Be7 11. h4 h6 12. Be3 Nxd4 13. Bxd4 Bc6 14. Qf2 Qc7
15. Bd3 b5 16. g4 b4 17. Ne2 e5 18. Bb6 Qb7 19. Ng3 g6 20. h5 g5 21. Nf5 Bd7 22.
Rhe1 Bxf5 23. exf5 O-O 24. Be3 d5 25. Qd2 e4 26. Be2 Rc3 27. f4 gxf4 28. Bxf4
Rfc8 29. Bxh6 e3 30. Qd4 Rxc2 31. g5 Rd2 32. Qxe3 Rxd1+ 33. Bxd1 Ne4 34. Bb3 Bc5
35. Qd3 Bf2 36. Rd1 d4 37. g6 Nd6 38. f6 Qb5 39. gxf7+ 1-0

[Event "4th London Classic Open"]
[Site "London ENG"]
[Date "2012.12.02"]
[Round "2"]
[White "Szalontay,Mihaly"]
[Black "Roe,S"]
[Result "1/2-1/2"]
[WhiteElo "2011"]
[BlackElo "2265"]
[WhiteFideId "746967"]
[BlackFideId "401471"]
[EventDate "2012.12.01"]

1. e4 Nf6 2. e5 Nd5 3. d4 d6 4. Nf3 dxe5 5. Nxe5 c6 6. Be2 Nd7 7. Nf3 Qc7 8. O-O
e6 9. Re1 Be7 10. c4 N5f6 11. Nc3 O-O 12. h3 b6 13. Be3 Bb7 14. Rc1 Rad8 15. Qc2
c5 16. dxc5 Bxc5 17. Nb5 Qb8 18. Bxc5 bxc5 19. Rcd1 Nb6 20. b3 a6 21. Nc3 Nbd7
22. Qc1 e5 23. Qe3 e4 24. Nh2 Qe5 25. f3 exf3 26. Bxf3 Qc7 27. Bxb7 Qxb7 28. Nf3
Rfe8 29. Qf4 Nf8 30. Rxd8 Rxd8 31. Ng5 Qb4 32. Re3 h6 33. Nge4 Nxe4 34. Qxe4 Ne6
35. Nd5 Qd2 36. Re2 Qg5 37. h4 Qg3 38. Re3 Qd6 39. Qe5 Qxe5 40. Rxe5 Rf8 41. Kf2
a5 42. Nc3 Nf4 43. Re4 Nd3+ 44. Ke3 f5 45. Re6 Ne1 46. Kf2 Nd3+ 47. Ke3 Nb4 48.
Nd5 Nxa2 49. Rb6 Re8+ 50. Kf4 Nc1 51. Kxf5 Ne2 52. Nc7 Nd4+ 53. Kg6 Rc8 54. Ne6
Nxe6 55. Rxe6 Rb8 56. Re3 Rb6+ 57. Kf5 Kf7 1/2-1/2

[Event "4th London Classic Open"]
[Site "London ENG"]
[Date "2012.12.02"]
[Round "2"]
[White "Stachanczyk,J"]
[Black "Sonnis,Steve"]
[Result "1-0"]
[WhiteElo "2265"]
[BlackElo "1660"]
[WhiteFideId "1116657"]
[BlackFideId "423041"]
[EventDate "2012.12.01"]

1. e4 e6 2. d4 d5 3. Nc3 dxe4 4. Nxe4 Nd7 5. Nf3 Ngf6 6. Bd3 Be7 7. Ng3 b6 8.
O-O Bb7 9. Qe2 O-O 10. Ne5 c5 11. c3 Qc7 12. Kh1 Rfd8 13. f4 Nf8 14. Be3 g6 15.
Rad1 Bd5 16. c4 Bb7 17. Bb1 Rac8 18. b3 Qb8 19. Qb2 Ne8 20. dxc5 Bxc5 21. Ng4 h5
22. Nxh5 Qa8 23. Nhf6+ Nxf6 24. Nxf6+ Kh8 25. Bxc5 bxc5 26. Ne8+ Rd4 27. Rxd4
Bxg2+ 28. Kg1 e5 29. Rd8 f6 30. Rxc8 Qxc8 31. Nxf6 Bxf1 32. Qxe5 Qb7 33. Nd5+
Kg8 34. Kxf1 Qh7 35. Nf6+ 1-0

[Event "4th London Classic Open"]
[Site "London ENG"]
[Date "2012.12.02"]
[Round "2"]
[White "Mehringer,Joerg"]
[Black "Player,E"]
[Result "0-1"]
[WhiteElo "1874"]
[BlackElo "2248"]
[WhiteFideId "12915351"]
[BlackFideId "406520"]
[EventDate "2012.12.01"]

1. e4 e6 2. c4 b6 3. d4 Bb7 4. Nc3 Bb4 5. Bd3 Bxc3+ 6. bxc3 Ne7 7. Ne2 O-O 8.
O-O d6 9. Ng3 Nbc6 10. Qg4 Qc8 11. f4 f5 12. Qh5 Qe8 13. Qe2 Qf7 14. Bd2 Ba6 15.
d5 exd5 16. cxd5 Bxd3 17. Qxd3 fxe4 18. Nxe4 Qxd5 19. Qc2 Qf5 20. Qb3+ Kh8 21.
Ng3 Qf7 22. Qc2 Nf5 23. Ne4 Qg6 24. Rae1 Nh4 25. g3 d5 26. Qa4 dxe4 0-1

[Event "4th London Classic Open"]
[Site "London ENG"]
[Date "2012.12.02"]
[Round "2"]
[White "Holzke,F"]
[Black "Hoegener,C"]
[Result "1-0"]
[WhiteTitle "GM"]
[WhiteElo "2521"]
[BlackElo "2037"]
[WhiteFideId "4600428"]
[BlackFideId "4000978"]
[EventDate "2012.12.01"]

1. e4 e6 2. d4 d5 3. Nd2 Nf6 4. e5 Nfd7 5. Bd3 c5 6. c3 Nc6 7. Ngf3 cxd4 8. cxd4
Be7 9. O-O Qb6 10. Nb3 O-O 11. Be3 f6 12. exf6 Nxf6 13. Ne5 a5 14. a4 Nb4 15.
Bb5 Ne4 16. f4 Nd6 17. Be2 Nf5 18. Bf2 Na6 19. Bb5 Nd6 20. Bd3 Nb4 21. Bb1 Qc7
22. Qf3 b6 23. Rc1 Qd8 24. Nd2 Bb7 25. Ra3 Rc8 26. Rxc8 Qxc8 27. Bxh7+ Kxh7 28.
Qh5+ 1-0

[Event "4th London Classic Open"]
[Site "London ENG"]
[Date "2012.12.02"]
[Round "2"]
[White "Bartholomew,J"]
[Black "McKerracher,D"]
[Result "1-0"]
[WhiteTitle "IM"]
[WhiteElo "2427"]
[BlackElo "2034"]
[WhiteFideId "2019353"]
[BlackFideId "2401002"]
[EventDate "2012.12.01"]

1. e4 d5 2. exd5 Qxd5 3. Nc3 Qa5 4. d4 Nf6 5. Nf3 c6 6. Bc4 Bf5 7. Bd2 e6 8. Nd5
Qd8 9. Nxf6+ gxf6 10. Bb3 Qc7 11. Qe2 Nd7 12. O-O-O O-O-O 13. Nh4 Bg6 14. g3 Kb8
15. Ng2 Bd6 16. h4 h5 17. Nf4 e5 18. Nxg6 fxg6 19. dxe5 Nxe5 20. Rhe1 c5 21. Bd5
Nc6 22. c3 a6 23. Kb1 Be5 24. Be4 Rhg8 25. Be3 Ne7 26. Qc4 f5 27. Bc2 Rxd1+ 28.
Rxd1 Rc8 29. Qe6 Nc6 30. f4 1-0

[Event "4th London Classic Open"]
[Site "London ENG"]
[Date "2012.12.02"]
[Round "2"]
[White "Houska,Jo"]
[Black "Jeitz,O"]
[Result "1-0"]
[WhiteTitle "IM"]
[WhiteElo "2396"]
[BlackElo "1987"]
[WhiteFideId "405094"]
[BlackFideId "4000560"]
[EventDate "2012.12.01"]

1. d4 Nf6 2. Nf3 c5 3. d5 e6 4. c4 exd5 5. cxd5 d6 6. Nc3 g6 7. h3 Bg7 8. e4 a6
9. a4 O-O 10. Bd3 Re8 11. O-O Nbd7 12. Bf4 Qe7 13. a5 Nh5 14. Bh2 Ne5 15. Be2
Nxf3+ 16. Bxf3 Nf6 17. Re1 Qf8 18. Qc2 Nd7 19. Be2 g5 20. Bg4 Be5 21. Ne2 Qh6
22. Ra3 Bxh2+ 23. Kxh2 Nf6 24. Bxc8 Raxc8 25. Ng3 Nxd5 26. Qd2 Ne7 27. Rd3 Rcd8
28. Rd1 Nc8 29. Rd5 f6 30. Nf5 Qf8 31. f3 Ne7 32. Rxd6 Rxd6 33. Nxd6 Rd8 34. Qc2
Rxd6 35. Rxd6 Qb8 36. Qxc5 Nc8 37. e5 Nxd6 38. exd6 Qe8 39. b4 h6 40. Qd5+ Qf7
41. Qf5 Kf8 42. Qc8+ Kg7 43. d7 Qe7 44. Qc7 1-0

[Event "4th London Classic Open"]
[Site "London ENG"]
[Date "2012.12.02"]
[Round "2"]
[White "Richardson,Joh"]
[Black "Casaschi,Paolo"]
[Result "1-0"]
[WhiteTitle "FM"]
[WhiteElo "2320"]
[BlackElo "2005"]
[WhiteFideId "401617"]
[BlackFideId "824895"]
[EventDate "2012.12.01"]

1. d4 f5 2. g3 Nf6 3. Bg2 g6 4. Nf3 Bg7 5. O-O O-O 6. b3 d6 7. Bb2 Qe8 8. c4 Ne4
9. Nbd2 Nxd2 10. Qxd2 Nd7 11. e4 e5 12. exf5 Rxf5 13. dxe5 Nxe5 14. Nxe5 Bxe5
15. Rae1 Qf8 16. Bxe5 dxe5 17. Qd5+ Qf7 18. Rxe5 Rxe5 19. Qxe5 c6 20. Re1 Bf5
21. c5 Rf8 22. f4 Qf6 23. Qxf6 Rxf6 24. Re7 Rf7 25. Rxf7 Kxf7 26. b4 Ke6 27. Kf2
h6 28. Ke3 g5 29. Bf3 Kf6 30. a3 Bb1 31. Bg4 gxf4+ 32. gxf4 Bf5 33. Bxf5 Kxf5
34. Kf3 h5 35. h4 b5 36. cxb6 axb6 37. a4 c5 38. bxc5 bxc5 39. a5 c4 40. a6 c3
41. Ke3 1-0

[Event "4th London Classic Open"]
[Site "London ENG"]
[Date "2012.12.02"]
[Round "2"]
[White "Gregory,P"]
[Black "Kvisvik,B"]
[Result "0-1"]
[BlackTitle "FM"]
[WhiteElo "2071"]
[BlackElo "2316"]
[WhiteFideId "407852"]
[BlackFideId "1502999"]
[EventDate "2012.12.01"]

1. e4 c5 2. c3 d5 3. exd5 Qxd5 4. d4 g6 5. Be3 cxd4 6. cxd4 Bg7 7. Nc3 Qd8 8.
Nf3 Nh6 9. Qd2 Nf5 10. Bc4 O-O 11. O-O Nc6 12. Rfd1 Qa5 13. Ne2 Rd8 14. Qxa5
Nxa5 15. Bd3 Be6 16. Nf4 Nxe3 17. fxe3 Bg4 18. Be2 Nc6 19. Rac1 Rac8 20. Kf2 e5
21. Nxe5 Nxe5 22. dxe5 Rxd1 23. Rxc8+ Bxc8 24. Bxd1 Bxe5 25. b3 Bf5 26. g3 Kf8
27. Bf3 b5 28. a4 bxa4 29. bxa4 Ke7 30. Bd1 Kd6 31. Bb3 f6 32. Ke2 g5 33. Nd3
Bc3 34. Bc4 Bg4+ 35. Kf2 Kc6 36. e4 Bd4+ 37. Ke1 Kb6 38. Bb5 Bf3 0-1

[Event "4th London Classic Open"]
[Site "London ENG"]
[Date "2012.12.02"]
[Round "2"]
[White "Rogers,Tim L"]
[Black "Coleman,D"]
[Result "0-1"]
[BlackTitle "CM"]
[WhiteElo "1979"]
[BlackElo "2268"]
[WhiteFideId "418137"]
[BlackFideId "402087"]
[EventDate "2012.12.01"]

1. e4 d5 2. exd5 Qxd5 3. Nc3 Qa5 4. d4 Nf6 5. Bc4 c6 6. Nf3 Bf5 7. Bd2 e6 8. Qe2
Bb4 9. O-O-O Nbd7 10. a3 Bxc3 11. Bxc3 Qc7 12. Ne5 b5 13. Bb3 Be4 14. Nxd7 Qxd7
15. f3 Bd5 16. Bxd5 Nxd5 17. Ba5 O-O 18. Rhe1 Rfb8 19. Qd2 Qb7 20. g3 Qa6 21.
Bb4 Qc8 22. Bc5 a5 23. c3 Qa6 24. b3 b4 25. c4 bxa3 26. cxd5 Rxb3 27. Qc2 Qb5
28. dxe6 fxe6 29. Rxe6 a2 0-1

[Event "4th London Classic Open"]
[Site "London ENG"]
[Date "2012.12.02"]
[Round "2"]
[White "Boger,R"]
[Black "Eames,R"]
[Result "0-1"]
[BlackTitle "FM"]
[WhiteElo "1946"]
[BlackElo "2263"]
[WhiteFideId "1507419"]
[BlackFideId "408743"]
[EventDate "2012.12.01"]

1. c4 e5 2. g3 d5 3. cxd5 c6 4. dxc6 Nxc6 5. Bg2 Nf6 6. Nc3 Bc5 7. d3 O-O 8. Nf3
h6 9. O-O Qe7 10. Nd2 Bg4 11. Nde4 Nxe4 12. Nxe4 Nd4 13. Re1 Bb6 14. h3 Be6 15.
e3 Nc6 16. Bd2 Qd7 17. d4 Bxh3 18. Bxh3 Qxh3 19. d5 f5 20. Nd6 f4 21. gxf4 exf4
22. exf4 Rf6 23. Ne4 Rg6+ 24. Ng5 hxg5 25. f5 Qg3+ 0-1

[Event "4th London Classic Open"]
[Site "London ENG"]
[Date "2012.12.02"]
[Round "2"]
[White "Gunajew,R"]
[Black "Othman,Mustapha"]
[Result "1-0"]
[WhiteTitle "FM"]
[WhiteElo "2260"]
[BlackElo "1865"]
[WhiteFideId "1116037"]
[BlackFideId "8500797"]
[EventDate "2012.12.01"]

1. e4 c5 2. Nf3 d6 3. Bd3 e6 4. c3 Be7 5. Bc2 c4 6. b3 d5 7. bxc4 dxc4 8. Na3
Bxa3 9. Bxa3 b5 10. O-O Ne7 11. e5 h6 12. Bd6 Bb7 13. Nd4 a6 14. a4 Nbc6 15. Qg4
Nxd4 16. Qxd4 Nc8 17. axb5 axb5 18. Qc5 Nxd6 19. exd6 Qd7 20. Rxa8+ Bxa8 21. Ra1
Qc6 22. Qxc6+ Bxc6 23. Ra7 Rf8 24. f3 g6 25. Be4 Bxe4 26. fxe4 f6 27. Re7+ Kd8
28. Rb7 Kc8 29. Rxb5 Kd7 30. Rc5 Rc8 31. Rxc8 Kxc8 32. e5 fxe5 33. Kf2 Kd7 34.
Ke3 Kxd6 35. Ke4 h5 36. h4 Kc5 37. Kxe5 Kb5 38. Kd4 Kc6 39. Kxc4 e5 40. Kd3 Kd5
41. Ke3 Kd6 42. Ke4 Ke6 43. c4 Kd6 44. d3 1-0

[Event "4th London Classic Open"]
[Site "London ENG"]
[Date "2012.12.02"]
[Round "2"]
[White "Jetzl,J"]
[Black "Wood,Peter R"]
[Result "1-0"]
[WhiteElo "2208"]
[BlackElo "1931"]
[WhiteFideId "1601172"]
[BlackFideId "422215"]
[EventDate "2012.12.01"]

1. Nf3 e6 2. g3 Nf6 3. Bg2 d5 4. O-O Be7 5. d4 O-O 6. c4 dxc4 7. Qc2 a6 8. Qxc4
b5 9. Qc2 Bb7 10. Bf4 Nd5 11. Nbd2 Nd7 12. Nb3 Nxf4 13. gxf4 Nf6 14. Rac1 Be4
15. Qd2 Bd6 16. Nc5 Bd5 17. Nb3 Ne4 18. Qe3 Nf6 19. Ne5 Bxg2 20. Kxg2 Nd5 21.
Qf3 Qf6 22. e3 Qf5 23. Kh1 Rac8 24. Rg1 Bxe5 25. dxe5 h6 26. Nc5 Rfd8 27. Qg3
Qh7 28. a3 a5 29. Nb7 Rd7 30. Nxa5 c5 31. Nb3 Rdc7 32. Nd2 c4 33. e4 c3 34. bxc3
Rxc3 35. Rxc3 Rxc3 36. Qh4 Kh8 37. Qd8+ Qg8 38. Qxg8+ Kxg8 39. exd5 exd5 40. Rg3
d4 41. Ne4 1-0

[Event "4th London Classic Open"]
[Site "London ENG"]
[Date "2012.12.02"]
[Round "2"]
[White "Fields,F"]
[Black "Stone,A ENG"]
[Result "1/2-1/2"]
[WhiteElo "1933"]
[BlackElo "2203"]
[WhiteFideId "409367"]
[BlackFideId "404985"]
[EventDate "2012.12.01"]

1. Nf3 Nf6 2. Nc3 d5 3. d4 e6 4. e3 c5 5. Bb5+ Bd7 6. Bxd7+ Nbxd7 7. O-O Bd6 8.
Qe2 O-O 9. Nb5 Bb8 10. c4 Re8 11. cxd5 Nxd5 12. Nc3 Nxc3 13. bxc3 e5 14. e4 exd4
15. cxd4 cxd4 16. Bb2 Be5 17. Nxd4 Qb6 18. Rad1 Rad8 19. f4 Bd6 20. Kh1 Bf8 21.
Nf5 Qe6 22. Rd3 Qxf5 23. exf5 Rxe2 24. Be5 Nxe5 25. Rxd8 Nc6 26. Rd7 Rxa2 27.
Rxb7 a5 28. h3 Nd4 29. Rd1 Ra4 30. Rb8 Nc6 31. Rc8 Rc4 32. Re1 Ne5 33. Rxf8+
Kxf8 34. fxe5 h5 35. e6 fxe6 36. fxe6 Ke7 37. Re5 h4 38. Rxa5 Kxe6 39. Rb5 Kf6
40. Kg1 Rc2 41. Ra5 1/2-1/2

[Event "4th London Classic Open"]
[Site "London ENG"]
[Date "2012.12.02"]
[Round "2"]
[White "Moan,Francis E"]
[Black "Ilfeld,E"]
[Result "0-1"]
[WhiteElo "1853"]
[BlackElo "2191"]
[WhiteFideId "424420"]
[BlackFideId "2803470"]
[EventDate "2012.12.01"]

1. d4 d5 2. c4 c6 3. Nf3 e6 4. Nc3 dxc4 5. a4 Bb4 6. e3 b5 7. axb5 cxb5 8. Bd2
Bxc3 9. Bxc3 a5 10. Ne5 Bb7 11. Qg4 Kf8 12. Qf4 f6 13. Nf3 Nc6 14. e4 Nb4 15.
Bxb4+ axb4 16. Rxa8 Qxa8 17. Be2 Bxe4 18. Ng5 Bf5 19. Qd6+ Ne7 20. Nxe6+ Bxe6
21. Qxe6 Qxg2 22. Rf1 Qd5 23. Qb6 Kf7 24. f4 Rd8 25. f5 Qxd4 26. Qxb5 Qxb2 27.
Qxc4+ Kf8 28. Kf2 Nxf5 29. Qc5+ Ne7 30. Qh5 Qc2 31. Kg1 Qg6+ 32. Qxg6 Nxg6 33.
Bc4 Ne5 34. Bb3 Ke7 35. Ra1 Nf3+ 36. Kg2 Nd4 37. Ra7+ Rd7 38. Rxd7+ Kxd7 39. Bg8
h6 40. Bc4 b3 41. Kg3 b2 42. Bd3 Ne2+ 43. Kg4 Nc3 44. Kf5 Ke7 45. Kg6 Kf8 46. h4
b1=Q 47. h5 Qxd3# 0-1

[Event "4th London Classic Open"]
[Site "London ENG"]
[Date "2012.12.02"]
[Round "2"]
[White "Eden,T"]
[Black "Jones,Chris S"]
[Result "1/2-1/2"]
[WhiteElo "2172"]
[BlackElo "1834"]
[WhiteFideId "2808439"]
[BlackFideId "414905"]
[EventDate "2012.12.01"]

1. e4 c5 2. c3 e6 3. d4 d5 4. exd5 exd5 5. Nf3 Nf6 6. Bb5+ Bd7 7. Bxd7+ Nbxd7 8.
O-O Be7 9. Qb3 O-O 10. Qxb7 cxd4 11. cxd4 Nb6 12. b3 Ne4 13. Ba3 Re8 14. Ne5 Rb8
15. Qa6 Rc8 16. Bxe7 Rxe7 17. Na3 Nc3 18. Rfe1 Qe8 19. Nf3 Nxa2 20. Nb5 Nb4 21.
Rxe7 Qxe7 22. Qxa7 Qxa7 23. Nxa7 Ra8 24. Re1 Kf8 25. Nb5 Nd3 26. Rd1 Rc8 27. g3
Nc1 28. Ne5 f6 29. Nd3 Nxb3 30. Rb1 Nd2 31. Ra1 Ra8 32. Rxa8+ Nxa8 33. Nc5 Nb6
34. f4 Ke7 1/2-1/2

[Event "4th London Classic Open"]
[Site "London ENG"]
[Date "2012.12.02"]
[Round "2"]
[White "Sayers,R"]
[Black "Whatley,Stephen A J"]
[Result "1-0"]
[WhiteElo "2153"]
[BlackElo "1707"]
[WhiteFideId "404870"]
[BlackFideId "420441"]
[EventDate "2012.12.01"]

1. e4 c5 2. Nf3 Nc6 3. d4 cxd4 4. Nxd4 e6 5. Nb5 d6 6. c4 Nf6 7. N1c3 a6 8. Na3
Qc7 9. Be2 Be7 10. O-O O-O 11. Be3 Bd7 12. f4 Rac8 13. Bf3 Na5 14. Rc1 Qb8 15.
c5 e5 16. fxe5 dxe5 17. Nd5 Nxd5 18. exd5 Bb5 19. Nxb5 axb5 20. d6 Bf6 21. Be4
Nc4 22. Rxc4 bxc4 23. Rxf6 Rce8 24. Rh6 gxh6 25. Qg4+ Kh8 26. Qf5 Kg7 27. Qxh7+
Kf6 28. Qxh6# 1-0

[Event "4th London Classic Open"]
[Site "London ENG"]
[Date "2012.12.02"]
[Round "2"]
[White "Harari,Z"]
[Black "Dale,Finley"]
[Result "1-0"]
[WhiteElo "2143"]
[BlackElo "1691"]
[WhiteFideId "2002639"]
[BlackFideId "3213153"]
[EventDate "2012.12.01"]

1. e4 c5 2. Nf3 Nc6 3. g3 d6 4. Bg2 g6 5. O-O Bg7 6. Re1 Nf6 7. c3 O-O 8. h3 Nd7
9. d3 Rb8 10. a4 a6 11. Nbd2 b5 12. axb5 axb5 13. Qc2 b4 14. Nc4 bxc3 15. bxc3
Nb4 16. Qd2 Ba6 17. e5 Bxc4 18. cxb4 dxe5 19. dxc4 e4 20. Ra7 exf3 21. Rxd7 Qc8
22. Bxf3 Bc3 23. Qxc3 Qxd7 24. Bh6 1-0

[Event "4th London Classic Open"]
[Site "London ENG"]
[Date "2012.12.02"]
[Round "2"]
[White "Josse,Mar"]
[Black "Baterdene,Tsogbayar"]
[Result "0-1"]
[WhiteElo "2142"]
[BlackElo "1673"]
[WhiteFideId "414476"]
[BlackFideId "4901592"]
[EventDate "2012.12.01"]

1. e4 c5 2. Nc3 d6 3. f4 Nc6 4. Nf3 g6 5. Bc4 Bg7 6. O-O e6 7. d3 Nge7 8. Qe1
O-O 9. Bb3 a6 10. Kh1 d5 11. f5 b5 12. a3 c4 13. Ba2 dxe4 14. dxe4 exf5 15. e5
Nd4 16. Nxd4 Qxd4 17. Bf4 Be6 18. Rd1 Qc5 19. Rd6 Rfd8 20. Qd2 Nc6 21. Re1 Rxd6
22. exd6 Rd8 23. Rd1 Ne5 24. Qe3 Qxe3 25. Bxe3 Ng4 26. Bc5 Be5 27. a4 Bxc3 28.
bxc3 Nf6 29. axb5 axb5 30. Rb1 Ne4 31. Rxb5 Nxc5 32. Rxc5 Ra8 33. Bb1 Rb8 34.
Ba2 Rb2 35. Ra5 Rxc2 36. h3 Rxc3 37. Rc5 Rc2 38. Ra5 Rd2 39. Kh2 Rxd6 40. Kg3
Rc6 41. Bb1 Rb6 42. Bc2 Rb2 43. Ba4 Ra2 0-1

[Event "4th London Classic Open"]
[Site "London ENG"]
[Date "2012.12.02"]
[Round "2"]
[White "Baasansuren,Erdene"]
[Black "Quinn,Joh"]
[Result "0-1"]
[WhiteElo "1795"]
[BlackElo "2127"]
[WhiteFideId "4902084"]
[BlackFideId "405043"]
[EventDate "2012.12.01"]

1. d4 Nf6 2. c4 c5 3. d5 b5 4. cxb5 a6 5. b6 Qxb6 6. Nc3 g6 7. Nf3 Bg7 8. Nd2 d6
9. Nc4 Qc7 10. e4 Nbd7 11. Be2 Nb6 12. O-O Nxc4 13. Bxc4 O-O 14. h3 Nd7 15. Bf4
Rb8 16. Rb1 Ne5 17. Qe2 Nxc4 18. Qxc4 Rb4 19. Qe2 Qb8 20. Qc2 f5 21. a3 Rb3 22.
e5 dxe5 23. Bd2 Bd7 24. Nd1 Rc8 25. Bg5 Kf8 26. Qc4 f4 27. d6 exd6 28. Nc3 Re8
29. f3 Be6 30. Qxa6 c4 31. Rfd1 Qb6+ 32. Qxb6 Rxb6 33. Rd2 Kf7 34. Rbd1 h6 35.
Bh4 Reb8 36. Na4 Ra6 37. Nc3 g5 38. Bf2 Bf8 39. Kf1 Bf5 40. Ne4 Bxe4 41. fxe4 h5
42. Rc2 Ra4 43. Rdd2 Be7 44. Be1 g4 45. Re2 gxh3 46. gxh3 Rb3 47. Rc3 Rxc3 48.
Bxc3 Ra8 49. Be1 Rb8 50. Bb4 d5 51. exd5 Bxb4 52. axb4 Kf6 53. Re4 Rxb4 54. b3
Rxb3 55. Rxc4 Rd3 56. Rc6+ Kf5 57. Rh6 Rxh3 58. d6 Rd3 59. Ke2 Ke4 60. Rxh5 Rxd6
61. Rh3 Ra6 62. Rb3 Ra2+ 63. Kf1 f3 64. Rb4+ Ke3 65. Rb3+ Kf4 66. Rb8 e4 67.
Rf8+ Ke3 68. Kg1 Ke2 69. Rf4 e3 70. Rf5 Ra1+ 71. Kh2 Kf2 72. Re5 e2 73. Rg5 e1=Q
74. Rg1 Qxg1+ 75. Kh3 Qg3# 0-1

[Event "4th London Classic Open"]
[Site "London ENG"]
[Date "2012.12.02"]
[Round "2"]
[White "McKenna,Jas"]
[Black "Rusek,W"]
[Result "1-0"]
[WhiteElo "2102"]
[BlackElo "1831"]
[WhiteFideId "403857"]
[BlackFideId "1612700"]
[EventDate "2012.12.01"]

1. e4 e6 2. d4 d5 3. Nc3 dxe4 4. Nxe4 Bd7 5. Nf3 Bc6 6. Bd3 Nd7 7. O-O Ngf6 8.
Ned2 Be7 9. Re1 O-O 10. Nc4 Nd5 11. c3 N5b6 12. Nce5 Nxe5 13. Nxe5 Be8 14. Qf3
c6 15. Qh3 f5 16. Nc4 Bf7 17. Nxb6 axb6 18. Bc4 Qd7 19. Qe3 c5 20. Bxe6 cxd4 21.
Bxd7 dxe3 22. Bxe3 Rxa2 23. Rxa2 Bxa2 24. Bxb6 Rf7 25. Be6 Bxe6 26. Rxe6 Bg5 27.
Re8+ Rf8 28. Rxf8+ Kxf8 29. Kf1 Ke7 30. Ke2 Kd6 31. Kd3 g6 32. b4 Kc6 33. Be3
Bf6 34. Bd4 Bg5 35. Be3 Bf6 36. c4 b5 37. Bd4 Bg5 38. Bc3 Bf4 39. g3 Bg5 40. Bd4
Bh6 41. Be3 Bg7 42. Bc5 Bh6 43. cxb5+ Kxb5 44. Kd4 f4 45. g4 f3 46. Ke4 Bd2 47.
Kxf3 Bxb4 48. Bxb4 Kxb4 49. Kf4 1-0

[Event "4th London Classic Open"]
[Site "London ENG"]
[Date "2012.12.02"]
[Round "2"]
[White "Shierlaw,Hamish"]
[Black "Duncan,P"]
[Result "0-1"]
[WhiteElo "1582"]
[BlackElo "2071"]
[WhiteFideId "4301765"]
[BlackFideId "405787"]
[EventDate "2012.12.01"]

1. e4 c6 2. d4 d5 3. Nc3 dxe4 4. Nxe4 Nd7 5. Nf3 Ngf6 6. Nxf6+ Nxf6 7. Bf4 Bg4
8. Be2 e6 9. O-O Bxf3 10. Bxf3 Bd6 11. Bxd6 Qxd6 12. Qd3 O-O 13. Rad1 Rfd8 14.
Rfe1 Rd7 15. c3 Rad8 16. Qc2 Qf4 17. Qe2 g6 18. Qe5 Qxe5 19. Rxe5 Nd5 20. Bxd5
cxd5 21. Kf1 h5 22. Ke2 b5 23. a3 a5 24. Re3 Rb7 25. b4 axb4 26. axb4 Ra8 27. h4
Rba7 28. g3 Ra2+ 29. Rd2 Kg7 30. Rxa2 Rxa2+ 31. Kf1 Rc2 32. f4 Kf6 33. Ke1 Kf5
34. Kd1 Rg2 35. Ke1 Kg4 36. Kf1 Rxg3 0-1

[Event "4th London Classic Open"]
[Site "London ENG"]
[Date "2012.12.02"]
[Round "2"]
[White "Phillips,O"]
[Black "Seymour,T"]
[Result "1/2-1/2"]
[WhiteElo "1926"]
[BlackElo "2093"]
[WhiteFideId "417882"]
[BlackFideId "412112"]
[EventDate "2012.12.01"]

1. d4 e6 2. Nf3 Nf6 3. g3 d5 4. Bg2 b5 5. O-O Bb7 6. Nbd2 Nbd7 7. c3 c5 8. dxc5
Nxc5 9. Nb3 a6 10. Ne5 Bd6 11. Nxc5 Bxc5 12. Nd3 Be7 13. Be3 Qc7 14. Bd4 O-O 15.
f3 Nd7 16. f4 Bd6 17. Qd2 f6 18. Be3 Nb6 19. Bxb6 Qxb6+ 20. e3 Rad8 21. Kh1 Bb8
22. Nf2 a5 23. Qd4 Qa6 24. a4 Bc6 25. axb5 Bxb5 26. Rfe1 Ba7 27. Qd2 Qb6 28. Nd3
Rb8 29. f5 exf5 30. Bxd5+ Kh8 31. c4 Bxc4 32. Bxc4 Qc6+ 33. Qg2 Qxc4 34. Rxa5
Qxd3 35. Rxa7 Qb3 36. g4 Qxb2 37. gxf5 Qxg2+ 38. Kxg2 Kg8 39. Kf3 Rf7 40. Rea1
Re8 41. Ra8 1/2-1/2

[Event "4th London Classic Open"]
[Site "London ENG"]
[Date "2012.12.02"]
[Round "2"]
[White "Compton,A"]
[Black "O'Molloy,Eamonn"]
[Result "1-0"]
[WhiteElo "2090"]
[BlackElo "1926"]
[WhiteFideId "4300645"]
[BlackFideId "2505843"]
[EventDate "2012.12.01"]

1. e4 c6 2. d4 d5 3. exd5 cxd5 4. c4 Nf6 5. Nc3 Nc6 6. Nf3 g6 7. cxd5 Nxd5 8.
Qb3 Nxc3 9. Bc4 Nd5 10. Bxd5 e6 11. Bxc6+ bxc6 12. O-O Qd5 13. Bf4 Bg7 14. Qa3
Bf8 15. Qe3 Bg7 16. Rfc1 O-O 17. Rc5 Qd7 18. Ne5 Qb7 19. b3 Bd7 20. Rac1 Rac8
21. Nc4 Rcd8 22. Bd6 Rfe8 23. Be5 Rf8 24. Bxg7 Kxg7 25. h4 Be8 26. h5 Qe7 27.
h6+ Kg8 28. Ne5 Qh4 29. R1c4 Rd5 30. Rxd5 cxd5 31. Rc7 a5 32. f3 Qd8 33. Qc3 Qg5
34. Ng4 Qf4 35. Qc5 Bb5 36. Qe7 Qxd4+ 37. Kh1 Qb4 38. Qf6 1-0